01244 2200217 4500001002100000005001500021035002000036007000300056008004100059020002200100082001000122084001600132100002300148245013900171260004700310300002100357650006300378504055900441990001301000990001301013INLIS00000000000790820220223083641 a0010-0222000190ta220223 g 0 ind  a978-602-5790-32-4 a371.2 a371.2 ECA m0 aECA GESANG MENTARI1 aMANAJEMEN PENGEMBANGAN PENDIDIKAN ANAK USIA DINI :bDilengkapi dengan manajemen perpustakaan dan ekstrakulikuler /cECA GESANG MENTARI aYogyakarta :bHijaz Pustaka Mandiri,c2020 a199 Hal ;c21 cm 4aManajemen dan Organisasi sekolah Pendidikan anak usia dini aPendidikan anak usia dini merupakan pendidikan yang paling fundamental, dimana menyiapkan anak usia 0-6 tahun agar siap memasuki pendidikan selanjutnya. Dalam hal ini pengembangan manajemen pendidikan anak usia dini sangat diperlukan. Untuk perencanaan, pengorganisasian, pelaksanaan, dan pengawasan dalam sebuah lembaga PAUD. Hal tersebut tidak terlepas dari perhatian seluruh komponen yang terlibat didalamnya, Proses pendidikan anak usia dini memerlukan pengelolaan yang efektif dan efisien serta perlu didukung oleh kepemimpinan pendidikan yang baik. a022.5947 a022.5948